[Event "Milan Crespi op-C 35th"]
[Site "Milan"]
[Date "2014.12.05"]
[Round "2"]
[White "Lavorgna, Filippo"]
[Black "De Vincentiis, Federico"]
[Result "1/2-1/2"]
[WhiteElo "1739"]
[BlackElo "1842"]
[PlyCount "165"]
[EventDate "2014.12.04"]
[EventType "swiss"]
[EventRounds "7"]
[EventCountry "ITA"]
[SourceTitle "EXT 2017"]
[Source "ChessBase"]
[SourceDate "2016.10.25"]
[SourceVersion "1"]
[SourceVersionDate "2016.10.25"]
[SourceQuality "1"]

1. c4 Nf6 2. Nf3 e6 3. g3 c6 4. Bg2 d5 5. b3 Be7 6. 0-0 Nbd7 7. d4 Ne4 8. Bb2 0-0 9. Nbd2 Ndf6 10. Ne1 Nxd2 11. Qxd2 a5 12. a4 b6 13. f3 Ba6 14. Rc1 Rc8 15. c5 bxc5 16. dxc5 Nd7 17. Ba3 Rb8 18. Qc2 Qc7 19. Nd3 Qb7 20. Rb1 Qa7 21. Rfc1 Rb7 22. Kh1 Bxd3 23. exd3 Bf6 24. Bb2 Bxb2 25. Rxb2 Rb4 26. f4 Rfb8 27. Qc3 Qc7 28. d4 Qd8 29. Rd1 Qf6 30. Rd3 Qg6 31. Re3 Nf6 32. h3 h6 33. Kh2 Nd7 34. Bf3 Qf6 35. Rd3 Qg6 36. Re3 h5 37. h4 Nf6 38. Kg2 Ng4 39. Bxg4 Qxg4 40. Rf3 Qf5 41. Re3 Qf6 42. Re5 g6 43. Kf3 Qe7 44. Re3 Qb7 45. Rd3 Qa6 46. Ke3 Qb7 47. Kf3 Qe7 48. Re3 Qf6 49. Re5 Kg7 50. Kg2 Qe7 51. Kf3 Qb7 52. Re3 Rxa4 53. bxa4 Qxb2 54. Qxa5 Qxd4 55. Qc3 Qxc3 56. Rxc3 f6 57. Ra3 e5 58. a5 Ra8 59. a6 Kf7 60. Ke3 Ke6 61. Kd3 Kf5 62. fxe5 fxe5 63. Kc3 d4+ 64. Kc4 Ke6 65. Ra5 Ra7 66. Ra2 Kf5 67. Kb4 d3 68. Kc4 e4 69. Kd4 d2 70. Rxd2 Rxa6 71. Rf2+ Kg4 72. Kxe4 Kxg3 73. Rf6 Kxh4 74. Rxg6 Kh3 75. Ke5 h4 76. Kd6 Kh2 77. Kd7 h3 78. Rd6 Kg1 79. Rd1+ Kf2 80. Rd2+ Kg3 81. Rd3+ Kg4 82. Rd2 Kg3 83. Rd3+ 1/2-1/2